County Towns of Ireland - Statistics

General Stats
  • This quiz has been taken 28 times
  • The average score is 18 of 32
Answer Stats
County County Town % Correct
Dublin Dublin
95%
Cork Cork
89%
Galway Galway
84%
Limerick Limerick
84%
Wicklow Wicklow
84%
Sligo Sligo
79%
Cavan Cavan
74%
Kilkenny Kilkenny
74%
Roscommon Roscommon
74%
Waterford Waterford
74%
Carlow Carlow
68%
Longford Longford
68%
Armagh Armagh
63%
Louth Dundalk
63%
Clare Ennis
63%
Monaghan Monaghan
63%
Wexford Wexford
63%
Fermanagh Enniskillen
58%
Kildare Naas
58%
Tyrone Omagh
58%
Mayo Castlebar
47%
Kerry Tralee
47%
Meath Navan
42%
Leitrim Carrick-on-Shannon
37%
Derry Coleraine
37%
Down Downpatrick
37%
Laois Portlaoise
37%
Offaly Tullamore
37%
Antrim Ballymena
26%
Westmeath Mullingar
26%
Donegal Lifford
16%
Tipperary Nenagh
5%
No matching quizzes found
Score Distribution
Percent of People with Each Score
Percentile by Number Answered
Your Score History
You have not taken this quiz